Major Cities of The Mughal Empire - Statistics

General Stats
  • This quiz has been taken 14 times
  • The average score is 6 of 13
Answer Stats
Hint Answer % Correct
Afghanistan Kabul
100%
India Delhi
92%
Bangladesh Dacca
85%
India Agra
62%
India Bombay
62%
India Calcutta
62%
India Lahore
62%
India Patna
62%
India Surat
46%
India Ayodyha
0%
India Benares
0%
India Goa
0%
India Podicherry
0%
No matching quizzes found
Score Distribution
Percent of People with Each Score
Percentile by Number Answered
Your Score History
You have not taken this quiz